00854nam a2200265Ia 4500003000400000005001700004006001800021007000300039008004100042024001100083037001100094040001800105041001300123100001400136110008100150245012500231260000900356300001800365650001700383700002500400700003100425700002800456700002300484700008100507OSt20220930085950.0a|||||r|||| 00| 0ta220926b |||||||| |||| 00| 0 eng d a108077 cTheses aCRLcCRLbeng 2engaeng aRaj Kumar aUniversity of Delhi. Faculty of Medical Sciences. Department of Pharmacology 0aEstrogen receptor alpha (CODON 325) polymorphism in breast cancer patients and healthy volunteers b A comparative study c2009 a81p.ap.ccm. aPHARMACOLOGY a Dr. A. K. Kakar Gu. a Dr. Anita Chakravarti Gu. a Dr. Shalini Chawla Gu. a Dr. Uma Tekur Gu. aUniversity of Delhi. Faculty of Medical Sciences. Department of Pharmacology